Sports Quiz

Random Sports or Color Quiz

NCAA FBS Team Colors Quiz Stats

 Plays Quiz not verified by Sporcle

Score 0/120 Timer 07:00
0 Plays Today
Conference Colors % Correct
ACCDuke Blue and White
98.3%
ACCOrange, Green, and White
97.5%
ACCOrange and Purple
97.3%
ACCGarnet and Gold
97.3%
ACCCarolina Blue and White
97.3%
ACCRed, White, Black, and Gold
96.2%
Big EastBlue and White
96.2%
ACCRed and White
96%
Big EastRed and Black
95.6%
ACCWhite and Old Gold
95.4%
Big EastRed and Black
95.4%
Big EastBlue and Gold
95.4%
Big EastOrange
95.4%
Big TenMaize and Blue
94.5%
ACCOld Gold and Black
94.1%
Big TenOrange and Navy Blue
94.1%
Big TenGreen and White
93.9%
Big TenScarlet and Gray
93.9%
ACCChicago Maroon and Burnt Orange
93.7%
Big EastOld Gold and Blue
93.7%
Big TenBlue and White
93.5%
Big EastGreen and Gold
92.5%
Big TenCardinal and White
92.5%
ACCOrange and Navy Blue
92.2%
Big TenBlack and Gold
92%
Big 12KU Blue, KU Crimson, Jayhawk Yellow, and KU Signature Gray
92%
ACCMaroon and Gold
91.8%
Big TenPurple and White
91.2%
Big TenOld Gold and Black
91.2%
Big TenCream and Crimson
90.6%
Big TenMaroon and Gold
90.4%
Big 12Black and MU Gold
90.4%
Big 12Green and Gold
90.1%
Big 12Burnt Orange and White
89.9%
Big 12Silver and Gold
89.7%
Big 12Scarlet and Black
89.3%
Big 12Crimson and Cream
89.3%
IndependentsBlue and Gold
89.1%
Big 12Orange and Black
88.9%
Big 12Cardinal and Gold
88.7%
Conference Colors % Correct
IndependentsGold and Navy Blue
88.7%
IndependentsBlack and Gold
88.1%
C-USABlue and Gray
87.4%
Big 12Royal Purple
87.2%
C-USAKelly Green and White
87.2%
C-USAScarlet and White
86.6%
Big 12Maroon and White
86.2%
C-USAOlive Green and Sky Blue
85.5%
C-USAHarvard Red and Yale Blue
83.4%
C-USAPurple and Gold
83.2%
C-USABlack and Gold
82.6%
C-USAOld Gold and Royal Blue
82.4%
Big EastScarlet
81.3%
C-USAGreen and Old Gold
80.5%
C-USAOrange and Blue
80.3%
C-USABlue and Gray
79.7%
Pac 10Cardinal Red and Navy Blue
78.6%
C-USABlack and Gold
78.4%
Mountain WestGold and Ultramarine Blue
77.4%
Pac 10Yale Blue and California Gold
77.4%
Pac 10Green and Yellow
76.9%
MACCardinal and White
76.7%
Pac 10UCLA Blue and California Gold
76.5%
MACBlue and White
75.9%
Pac 10Cardinal Red and White
75.7%
Pac 10Orange and Black
75.3%
Pac 10ASU Maroon and ASU Gold
75.1%
Pac 10USC Cardinal and USC Gold
74.6%
MACBlue and Gold
73.8%
MACRed and White
73.8%
SECCrimson and White
73.8%
Mountain WestPurple and White
73.4%
SECCardinal Red and White
73.2%
Mountain WestCrimson and White
73%
Mountain WestDark Blue, White, and Tan
72.5%
MACCherry and White
72.3%
Pac 10Purple and Gold
72.3%
SECOrange and Blue
71.7%
Mountain WestGreen and Gold
71.5%
Mountain WestCherry and Silver
71.5%
Conference Colors % Correct
MACHunter Green and White
71.3%
Pac 10Crimson and Gray
71.3%
Mountain WestScarlet and Gray
70.9%
SECBlue and White
70.6%
Mountain WestBlack and Scarlet
70.4%
SECRed and Black
70.4%
MACRocket Gold and Tower Blue
69.6%
MACMaroon and Gold
69.2%
MACCardinal and Black
69%
Mountain WestBrown and Gold
68.8%
SECHarvard Crimson and Yale Blue
68.8%
SECBurnt Orange and Navy Blue
68.6%
MACOrange and Brown
68.3%
MACGreen and White
68.3%
SECPurple and Gold
68.3%
SECGarnet and Black
65.8%
Big 12Scarlet and Cream
65.6%
SECUT Orange
65.6%
SECBlack and Gold
64.4%
MACGold and Navy Blue
64.2%
MACBrown and Gold
64.2%
SECMaroon and White
63.3%
Sun BeltScarlet and Black
54.3%
WACBlue and Orange
53.5%
Sun BeltFAU Blue, FAU Red, and FAU Silver
52.4%
WACCardinal and Blue
51.4%
WACGreen and White
51.4%
Sun BeltBlue and Gold
50.5%
Sun BeltVermillion and White
49.1%
Sun BeltRoyal Blue and White
47.4%
Sun BeltGreen and White
46.3%
Sun BeltCardinal, Black, and Silver
46.1%
WACTech Blue and Red
45.7%
Sun BeltRed and White
45.5%
WACBlue and Silver
45.5%
WACAggie Blue and Fighting White
44.7%
WACSilver and Gold
43.8%
WACGold, Blue, and White
43.8%
WACCrimson and White
43.2%
Sun BeltMaroon and Gold
41.5%

You're not logged in!

Compare scores with friends on all Sporcle quizzes.
OR
Log In

You Might Also Like...

Show Comments

Extras

Top Quizzes Today


Score Distribution

Your Account Isn't Verified!

In order to create a playlist on Sporcle, you need to verify the email address you used during registration. Go to your Sporcle Settings to finish the process.

Report this User

Report this user for behavior that violates our Community Guidelines.

Details: